Marcatori dell'Argentina ai Mondiali - Sudafrica 2010 - Statistics

Statistiche generali
  • Questo quiz è stato fatto 6 volte
  • Il punteggio medio è 7 su 9
Statistiche sulle risposte
Partita Minuto Marcatore % Corretto
Argentina - Messico 3-1 26 Carlos Tévez
100%
Argentina - Messico 3-1 52 Carlos Tévez
100%
Argentina - Corea del Sud 4-1 33 Gonzalo Higuaín
83%
Argentina - Corea del Sud 4-1 76 Gonzalo Higuaín
83%
Argentina - Corea del Sud 4-1 80 Gonzalo Higuaín
83%
Argentina - Messico 3-1 33 Gonzalo Higuaín
83%
Grecia - Argentina 0-2 89 Martín Palermo
67%
Argentina - Nigeria 1-0 6 Gabriel Heinze
33%
Grecia - Argentina 0-2 77 Martín Demichelis
17%
Nessun quiz corrispondente trovato
Distribuzione punteggi
Percentuale di utenti per punteggio
Percentile per numero di risposta
I tuoi punteggi nel tempo
Non hai fatto questo quiz